|
|
|
|
| LEADER |
00000nam0a2200000 4500 |
| 001 |
332030 |
| 005 |
20231102004421.0 |
| 035 |
|
|
|a (RuTPU)RU\TPU\book\357929
|
| 090 |
|
|
|a 332030
|
| 100 |
|
|
|a 20170515d1967 km y0rusy50 ca
|
| 101 |
0 |
|
|a rus
|
| 102 |
|
|
|a RU
|
| 105 |
|
|
|a a z 000zy
|
| 200 |
1 |
|
|a Экономика разведки и разработки нефтяных месторождений в США
|e [сборник]
|f сост. М. А. Гейман
|
| 210 |
|
|
|a Москва
|c Недра
|d 1967
|
| 215 |
|
|
|a 198 с.
|c ил.
|
| 606 |
1 |
|
|a Нефтяные месторождения
|x Поиски и разведка
|2 stltpush
|3 (RuTPU)RU\TPU\subj\45959
|9 65148
|
| 606 |
1 |
|
|a Нефтедобыча
|x Технико-эксплуатационные расчеты
|2 stltpush
|3 (RuTPU)RU\TPU\subj\45698
|9 64890
|
| 610 |
1 |
|
|a экономика
|
| 610 |
1 |
|
|a разработка
|
| 610 |
1 |
|
|a США
|
| 610 |
1 |
|
|a зарубежный опыт
|
| 610 |
1 |
|
|a поиски
|
| 610 |
1 |
|
|a залежи
|
| 610 |
1 |
|
|a расходы
|
| 610 |
1 |
|
|a гидродинамические оценки
|
| 610 |
1 |
|
|a заканчивание
|
| 610 |
1 |
|
|a скважины
|
| 610 |
1 |
|
|a рентабельность
|
| 610 |
1 |
|
|a подсчет запасов
|
| 610 |
1 |
|
|a обработка материалов
|
| 610 |
1 |
|
|a газовые коллекторы
|
| 610 |
1 |
|
|a пластовое давление
|
| 610 |
1 |
|
|a газоотдача
|
| 610 |
1 |
|
|a цены
|
| 610 |
1 |
|
|a сборники
|
| 675 |
|
|
|a 553.982:550.8
|v 4
|
| 675 |
|
|
|a 622.323
|v 4
|
| 702 |
|
1 |
|a Гейман
|b М. А.
|g Марк Абрамович
|4 220
|
| 801 |
|
1 |
|a RU
|b 63413507
|c 20170515
|
| 801 |
|
2 |
|a RU
|b 63413507
|c 20170516
|g RCR
|
| 942 |
|
|
|c BK
|